Ethics (Record no. 18295)

MARC details
000 -LEADER
fixed length control field 00435nam a2200181Ia 4500
008 - FIXED-LENGTH DATA ELEMENTS--GENERAL INFORMATION
fixed length control field 220501s1996 xx 000 0 eng d
020 ## - INTERNATIONAL STANDARD BOOK NUMBER
International Standard Book Number 9780140435719
082 ## - DEWEY DECIMAL CLASSIFICATION NUMBER
Classification number 170 SPI-E
100 ## - MAIN ENTRY--PERSONAL NAME
Personal name Spinoza, Benedict De
245 #0 - TITLE STATEMENT
Title Ethics
Statement of responsibility, etc Benedict De Spinoza
260 ## - PUBLICATION, DISTRIBUTION, ETC. (IMPRINT)
Name of publisher, distributor, etc Penguin
Date of publication, distribution, etc 1996
300 ## - PHYSICAL DESCRIPTION
Extent / Pages 186
650 ## - SUBJECT ADDED ENTRY--TOPICAL TERM
Topical term or geographic name as entry element Ethics
650 ## - SUBJECT ADDED ENTRY--TOPICAL TERM
Topical term or geographic name as entry element Ethics, modern
650 ## - SUBJECT ADDED ENTRY--TOPICAL TERM
Topical term or geographic name as entry element Philosophy
650 ## - SUBJECT ADDED ENTRY--TOPICAL TERM
Topical term or geographic name as entry element Philosophy, modern
942 ## - ADDED ENTRY ELEMENTS (KOHA)
Source of classification or shelving scheme
Koha item type Books
Holdings
Withdrawn status Lost status Source of classification or shelving scheme Damaged status Not for loan Home library Current library Date acquired Source of acquisition Cost, normal purchase price Full call number Barcode Date last seen Copy number Bill Date Koha item type Bill Number
          SOBD Library SOBD Library 06/03/2019 Vedi Books 279.30 170 SPI.E1 000043 01/07/2022 1 26/02/2018 Reference Books 1135/17-18
          SOBD Library SOBD Library 06/03/2019 Vedi Books 279.30 170 SPI.E2 000044 01/07/2022 2 26/02/2018 Books 1135/17-18
          SOBD Library SOBD Library 06/03/2019 Vedi Books 279.30 170 SPI.E3 000045 01/07/2022 3 26/02/2018 Books 1135/17-18
          SOBD Library SOBD Library 06/03/2019 Vedi Books 279.30 170 SPI.E4 000046 01/07/2022 4 26/02/2018 Books 1135/17-18
          SOBD Library SOBD Library 06/03/2019 Vedi Books 279.30 170 SPI.E5 000047 01/07/2022 5 26/02/2018 Books 1135/17-18
Hosted, Implemented, Customized & Maintained by: BestBookBuddies

Powered by Koha